<The> Tax Treatment of Government Bonds

Enregistré dans:
Détails bibliographiques
Auteur principal: Norregaard, John
Format: Livre
Langue:anglais
Publié: Washington International Monetary Fund 1997
Édition:1. ed.
Collection:IMF Working Paper 25
Sujets:
Tags: Ajouter un tag
Pas de tags, Soyez le premier à ajouter un tag!

MARC

LEADER 00000nam a2200000 4500
001 c021139
005 20221129110249.1
041 0 |a eng 
044 |a US 
245 1 0 |a <The> Tax Treatment of Government Bonds  |c John Norregaard 
250 |a 1. ed. 
264 1 |a Washington  |b International Monetary Fund  |c 1997 
300 |a 25 s. 
490 1 |a IMF Working Paper  |v 25 
830 0 |a IMF Working Paper  |v 25 
610 2 0 |a dlhopisy 
610 2 0 |a dlhopisy štátne 
610 2 0 |a dane 
610 2 0 |a OECD 
610 2 0 |a obligácie 
100 1 |a Norregaard, John